000 00904cam a22002651 4500
001 18239
003 BD-RjUL
005 20211209000245.0
008 191224s1962 nyu f 000 0beng
035 _a(BD-RjUL)18297
040 _aDLC
_cDLC
_dDLC
_beng
041 _aeng
082 0 0 _a813.3
_221
_bMIR 1962
100 1 _aMiller, James E.
_q(James Edwin),
_d1920-2010.
_9236834
245 1 2 _aA reader's guide to Herman Melville. /
_cJames E Miller,
260 _aNew York :
_bFarrar, Straus and Cudahy ,
_c[1962]
300 _a266 p. :
_c21 cm.
504 _aIncludes bibliography.
600 1 0 _aMelville, Herman,
_d1819-1891
_xCriticism and interpretation
_xHandbooks, manuals, etc.
_9236837
600 1 0 _aMelville, Herman,
_d1819-1891
_xExaminations
_xStudy guides.
_9236838
906 _a7
_bcbc
_corignew
_du
_eocip
_f19
_gy-gencatlg
942 _2ddc
_cBK
999 _c18239
_d18239